[Event "RSA-ch"]
[Site "Cape Town"]
[Date "2024.03.29"]
[Round "5"]
[White "Levitan, Caleb Levi"]
[Black "Barrish, Daniel"]
[Result "1/2-1/2"]
[WhiteElo "2235"]
[BlackElo "2218"]
[PlyCount "52"]
[EventDate "2024.03.25"]
[EventType "tourn"]
[EventRounds "11"]
[EventCountry "RSA"]
[SourceTitle "CB14_2024"]
[SourceDate "2024.04.01"]
[SourceVersion "1"]
[SourceVersionDate "2024.04.01"]
[SourceQuality "1"]

1. e4 c6 2. d4 d5 3. e5 c5 4. Nf3 cxd4 5. Nxd4 Nc6 6. Nxc6 bxc6 7. Bd3 e6 8. 0-0 a5 9. Qe2 Ne7 10. Nd2 Ng6 11. Nf3 Be7 12. g3 0-0 13. Re1 c5 14. h4 f5 15. exf6 Bxf6 16. Ng5 e5 17. Nxh7 e4 18. Bxe4 dxe4 19. Nxf8 Nxf8 20. Qxe4 Qd7 21. Qxa8 Bb7 22. Qe8 Qh3 23. Re4 Qf5 24. Re3 Qh3 25. Re4 Qf5 26. Re3 Bd4 1/2-1/2

[Event "Budapest FS02 IM"]
[Site "Budapest"]
[Date "2024.02.12"]
[Round "8"]
[White "Pacher, Milan"]
[Black "Barrish, Daniel"]
[Result "1-0"]
[WhiteElo "2371"]
[BlackElo "2283"]
[PlyCount "35"]
[EventDate "2024.02.03"]
[EventType "schev"]
[EventRounds "9"]
[EventCountry "HUN"]
[SourceTitle "CB08_2024"]
[SourceDate "2024.02.21"]
[SourceVersion "1"]
[SourceVersionDate "2024.02.21"]
[SourceQuality "1"]

1. d4 d5 2. Nc3 Nf6 3. Bf4 Bf5 4. f3 e6 5. g4 Bg6 6. h4 h6 7. e3 c6 8. h5 Bh7 9. Bd3 Bxd3 10. Qxd3 Bd6 11. Nce2 Bxf4 12. Nxf4 Nbd7 13. 0-0-0 b5 14. Kb1 Qa5 15. e4 b4 16. Nge2 dxe4 17. fxe4 e5 18. Ng2 1-0

[Event "Paracin Prestige op"]
[Site "Paracin"]
[Date "2024.01.22"]
[Round "8"]
[White "Bryakin, Mikhail"]
[Black "Barrish, Daniel"]
[Result "1-0"]
[WhiteElo "2494"]
[BlackElo "2347"]
[PlyCount "107"]
[EventDate "2024.01.15"]
[EventType "swiss"]
[EventRounds "9"]
[EventCountry "SRB"]
[SourceTitle "CB05_2024"]
[SourceDate "2024.01.31"]
[SourceVersion "1"]
[SourceVersionDate "2024.01.31"]
[SourceQuality "1"]

1. c4 e5 2. Nc3 Bb4 3. Nd5 Be7 4. d4 exd4 5. Qxd4 Nf6 6. Nxe7 Qxe7 7. Bg5 Nc6 8. Qc3 d6 9. Nf3 Ne5 10. Nxe5 dxe5 11. g3 h6 12. Bxf6 Qxf6 13. Bg2 0-0 14. 0-0 c6 15. Rfd1 Bg4 16. h3 Be6 17. Qb4 a5 18. Qxb7 Rab8 19. Qxc6 Rxb2 20. Qe4 Rc8 21. Rdc1 Qf5 22. Qd3 Rb4 23. Qxf5 Bxf5 24. c5 Kf8 25. c6 Be4 26. a3 Ra4 27. Bxe4 Rxe4 28. e3 Ke7 29. Rc3 Rc7 30. Rb1 Kd6 31. Rd1+ Ke6 32. Kg2 Ra4 33. g4 h5 34. g5 g6 35. Kg3 Re4 36. f3 Ra4 37. h4 Ke7 38. Rd5 Ke6 39. e4 Rd4 40. Rxa5 f6 41. gxf6 Kxf6 42. Rd5 Ke6 43. Rxd4 exd4 44. Rc4 Ke5 45. Rc5+ Kd6 46. Rd5+ Ke6 47. Rg5 Kf6 48. Rc5 d3 49. Kf2 g5 50. Rxg5 Rxc6 51. Rd5 Rc3 52. a4 Ra3 53. a5 Kg6 54. Kg3 1-0

[Event "Paracin Prestige op"]
[Site "Paracin"]
[Date "2024.01.18"]
[Round "5"]
[White "Barrish, Daniel"]
[Black "Buyankhishig, Batpelden"]
[Result "1/2-1/2"]
[WhiteElo "2347"]
[BlackElo "1698"]
[PlyCount "124"]
[EventDate "2024.01.15"]
[EventType "swiss"]
[EventRounds "9"]
[EventCountry "SRB"]
[SourceTitle "CB05_2024"]
[SourceDate "2024.01.31"]
[SourceVersion "1"]
[SourceVersionDate "2024.01.31"]
[SourceQuality "1"]

1. e4 e5 2. Nf3 Nc6 3. Bc4 Nf6 4. d3 Be7 5. 0-0 d6 6. a4 0-0 7. Nc3 a6 8. Nd5 Nxd5 9. Bxd5 Bg4 10. c3 Qd7 11. h3 Be6 12. Re1 f5 13. Qb3 Bxd5 14. exd5 Na5 15. Qa2 b6 16. b4 Nb7 17. Nxe5 dxe5 18. d6+ Kh8 19. dxe7 Rfe8 20. Rxe5 Qxd3 21. Qb3 Nd6 22. Re3 Qc4 23. Qxc4 Nxc4 24. Re6 Ra7 25. Bf4 c5 26. Rae1 Kg8 27. bxc5 bxc5 28. g3 Nb2 29. a5 Kf7 30. R1e2 Na4 31. R6e5 g6 32. c4 Raxe7 33. Rxe7+ Rxe7 34. Rxe7+ Kxe7 35. Be5 Ke6 36. f4 g5 37. Kf2 gxf4 38. gxf4 Kf7 39. Kg3 Kg6 40. Kh4 Kh6 41. Ba1 Kg6 42. Kg3 Kh5 43. Kg2 Kh4 44. Bh8 Kh5 45. Bf6 Kg6 46. Be5 Kh5 47. Ba1 Kh4 48. Bf6+ Kh5 49. Kf2 Kg6 50. Be5 Kh5 51. Kf1 Kh4 52. Kg2 Kh5 53. Kh1 Kh4 54. Kh2 Kh5 55. Bg7 Kh4 56. Kg2 Kh5 57. Bh8 Kh4 58. Ba1 Kh5 59. Kg3 Kg6 60. h4 Kh5 61. Kh3 Kg6 62. Kg3 Kh5 1/2-1/2

[Event "Paris-ch IdF"]
[Site "Paris"]
[Date "2023.07.14"]
[Round "6"]
[White "Barrish, Daniel"]
[Black "Vlachos, Anatole"]
[Result "1-0"]
[WhiteElo "2221"]
[BlackElo "2454"]
[PlyCount "83"]
[EventDate "2023.07.11"]
[EventType "swiss"]
[EventRounds "9"]
[EventCountry "FRA"]
[SourceTitle "CBM 215 Extra"]
[Source "ChessBase"]
[SourceDate "2023.09.30"]
[SourceVersion "1"]
[SourceVersionDate "2023.09.30"]
[SourceQuality "1"]

1. e4 e5 2. Nf3 Nc6 3. Bc4 Bc5 4. d3 Nf6 5. Nc3 h6 6. Be3 Bxe3 7. fxe3 d6 8. a3 0-0 9. Qe2 Re8 10. 0-0-0 Be6 11. Bxe6 Rxe6 12. Rhg1 d5 13. g4 d4 14. Nb1 dxe3 15. Qxe3 Nd4 16. Nxd4 Qxd4 17. Qxd4 exd4 18. Nd2 c5 19. Rdf1 Nd7 20. Rf5 b6 21. a4 g6 22. Rf2 Kg7 23. Nc4 a6 24. Rgf1 Rf8 25. h3 b5 26. axb5 axb5 27. Nd2 Ra6 28. b4 cxb4 29. Nb3 Rd6 30. Kb2 Nb6 31. Nc1 f6 32. Kb3 Ra8 33. Kxb4 Nd7 34. Nb3 Ra4+ 35. Kxb5 Ra7 36. Ra1 Rb7+ 37. Kc4 Kf7 38. Ra5 Rc7+ 39. Kb4 Ke7 40. Rd5 Rxd5 41. exd5 Nb6 42. d6+ 1-0

[Event "Cape Town IM"]
[Site "Cape Town"]
[Date "2023.01.04"]
[Round "1"]
[White "Barrish, Daniel"]
[Black "Fawzy, Adham"]
[Result "0-1"]
[WhiteElo "2257"]
[BlackElo "2489"]
[PlyCount "90"]
[EventDate "2023.01.04"]
[EventType "tourn"]
[EventRounds "9"]
[EventCountry "RSA"]
[SourceTitle "CBM 212 Extra"]
[Source "ChessBase"]
[SourceDate "2023.03.31"]
[SourceVersion "1"]
[SourceVersionDate "2023.03.31"]
[SourceQuality "1"]

1. d4 d5 2. c4 dxc4 3. e4 b5 4. a4 c6 5. axb5 cxb5 6. Nc3 Qb6 7. b3 e6 8. bxc4 Bb4 9. Qb3 bxc4 10. Bxc4 Nc6 11. Nge2 Na5 12. Qa2 Nxc4 13. Qxc4 a5 14. 0-0 Ba6 15. Qb3 Ne7 16. Be3 Qb7 17. f3 0-0 18. Rfc1 Rfc8 19. Qd1 f5 20. exf5 Nxf5 21. Bf2 Bc4 22. Na4 Qa6 23. Ng3 Bd5 24. Rxc8+ Rxc8 25. Nc5 Qc4 26. Nxf5 exf5 27. Rc1 Qb5 28. Qc2 g6 29. Qb2 Re8 30. Re1 Bc4 31. Rxe8+ Qxe8 32. h4 Qe2 33. Qc1 Bd2 34. Qb1 Bf4 35. g3 Bd6 36. Qc1 Bd5 37. Nd7 Bxf3 38. d5 Kf7 39. Qc3 Bxg3 40. Qf6+ Ke8 41. Qh8+ Kxd7 42. Qxh7+ Kc8 43. Qg8+ Kb7 44. Qf7+ Bc7 45. d6 Qd1+ 0-1

[Event "Cape Town IM"]
[Site "Cape Town"]
[Date "2023.01.04"]
[Round "2"]
[White "Oatlhotse, Providence"]
[Black "Barrish, Daniel"]
[Result "1/2-1/2"]
[WhiteElo "2209"]
[BlackElo "2257"]
[PlyCount "47"]
[EventDate "2023.01.04"]
[EventType "tourn"]
[EventRounds "9"]
[EventCountry "RSA"]
[SourceTitle "CBM 212 Extra"]
[Source "ChessBase"]
[SourceDate "2023.03.31"]
[SourceVersion "1"]
[SourceVersionDate "2023.03.31"]
[SourceQuality "1"]

1. Nf3 d5 2. g3 Nd7 3. d4 Nb6 4. Bg2 Bf5 5. h3 Qc8 6. Nc3 Nf6 7. g4 Bg6 8. Ne5 c6 9. Bf4 Nfd7 10. Nxg6 hxg6 11. Qd3 Nc4 12. 0-0-0 e6 13. e4 Bd6 14. Bxd6 Nxd6 15. Rde1 dxe4 16. Bxe4 Nf6 17. Bg2 Qc7 18. d5 Nxd5 19. Nxd5 cxd5 20. Qxd5 Rc8 21. Re2 0-0 22. Qe5 Qb6 23. b3 Nb5 24. c4 1/2-1/2

[Event "WchT Pool-A 13th"]
[Site "Jerusalem"]
[Date "2022.11.21"]
[Round "3.2"]
[White "Barrish, Daniel"]
[Black "Warmerdam, Max"]
[Result "0-1"]
[WhiteElo "2257"]
[BlackElo "2617"]
[PlyCount "62"]
[EventDate "2022.11.20"]
[EventType "team-tourn (rapid)"]
[EventRounds "5"]
[EventCountry "ISR"]
[SourceTitle "CBM 211 Extra"]
[Source "ChessBase"]
[SourceDate "2023.01.31"]
[SourceVersion "1"]
[SourceVersionDate "2023.01.31"]
[SourceQuality "1"]
[WhiteTeam "South Africa"]
[BlackTeam "Netherlands"]
[WhiteTeamCountry "RSA"]
[BlackTeamCountry "NED"]

1. d4 d5 2. c4 e6 3. Nc3 a6 4. cxd5 exd5 5. Bf4 Nf6 6. e3 Bd6 7. Bg5 c6 8. Bd3 0-0 9. Qc2 h6 10. Bh4 Re8 11. Nge2 a5 12. h3 Na6 13. a3 Nc7 14. 0-0 Ne6 15. Rab1 Ng5 16. Kh1 Bd7 17. Ng3 Qc8 18. f4 Ngh7 19. e4 dxe4 20. Ngxe4 Be7 21. Nf2 Nf8 22. f5 N8h7 23. Rbe1 Qc7 24. Re5 Qb6 25. Rfe1 Qxd4 26. Rxe7 Qxh4 27. Qb3 Ng5 28. Bc4 Rxe7 29. Rxe7 Qxf2 30. Qxb7 Re8 31. Rxe8+ Bxe8 0-1

[Event "Olympiad-44"]
[Site "Chennai"]
[Date "2022.08.03"]
[Round "6.2"]
[White "Adly, Ahmed"]
[Black "Barrish, Daniel"]
[Result "0-1"]
[WhiteElo "2582"]
[BlackElo "2283"]
[PlyCount "136"]
[EventDate "2022.07.29"]
[EventType "team-swiss"]
[EventRounds "11"]
[EventCountry "IND"]
[SourceTitle "CBM 210"]
[Source "ChessBase"]
[SourceDate "2022.10.31"]
[SourceVersion "1"]
[SourceVersionDate "2022.10.31"]
[SourceQuality "1"]
[WhiteTeam "Egypt"]
[BlackTeam "South Africa"]
[WhiteTeamCountry "EGY"]
[BlackTeamCountry "RSA"]

1. Nf3 Nf6 2. g3 c5 3. Bg2 Nc6 4. 0-0 e5 5. d3 d5 6. Nbd2 Be7 7. e4 d4 8. Nc4 Nd7 9. a4 h5 10. h4 f6 11. Nh2 g5 12. Bf3 g4 13. Bg2 Nb6 14. b3 Be6 15. Bd2 Qd7 16. a5 Nc8 17. f3 Rg8 18. fxg4 hxg4 19. Rf2 Rb8 20. Qf1 b5 21. axb6 axb6 22. Ra6 b5 23. Na5 Nxa5 24. Bxa5 Kf7 25. Bd2 Nd6 26. Bg5 Rg6 27. Qc1 c4 28. h5 Rg7 29. bxc4 bxc4 30. Ra5 Nb5 31. Bh4 Rh8 32. Qf1 Rh6 33. dxc4 Nd6 34. Rxe5 Nxc4 35. Bg5 Nxe5 36. Bxh6 Rh7 37. Bg5 Qd8 38. h6 Kg6 39. Bf4 d3 40. Kh1 Bc5 41. Rd2 Bb4 42. Rd1 d2 43. Qb5 Bc3 44. Nf1 Bc4 45. Qc5 Be2 46. Rxd2 Bxd2 47. Nxd2 Qe7 48. Qc8 Qd7 49. Qc5 Nf3 50. Qf2 Qd4 51. Qxd4 Nxd4 52. c4 Ne6 53. Be3 Ng5 54. Kg1 Rc7 55. c5 Bb5 56. Kf2 Bc6 57. Bf4 Re7 58. Bd6 Re8 59. Bf1 Bxe4 60. Bb5 Ra8 61. c6 Bf5 62. c7 Ra2 63. Bf4 Ne4+ 64. Ke3 Nxd2 65. Be8+ Kh7 66. Bb5 Nf3 67. Bc6 Ra3+ 68. Kf2 Rc3 0-1

[Event "Bastia op"]
[Site "Bastia"]
[Date "2022.07.13"]
[Round "4"]
[White "Barrish, Daniel"]
[Black "Lafourcade, Victor"]
[Result "1-0"]
[WhiteElo "2283"]
[BlackElo "2006"]
[PlyCount "87"]
[EventDate "2022.07.10"]
[EventType "swiss"]
[EventRounds "7"]
[EventCountry "FRA"]
[SourceTitle "CBM 209 Extra"]
[Source "ChessBase"]
[SourceDate "2022.09.30"]
[SourceVersion "1"]
[SourceVersionDate "2022.09.30"]
[SourceQuality "1"]

1. d4 Nf6 2. c4 e6 3. Nc3 Bb4 4. Qc2 d5 5. cxd5 Qxd5 6. e3 0-0 7. Nf3 c5 8. Bd2 Bxc3 9. Bxc3 Nc6 10. dxc5 Qxc5 11. Qa4 e5 12. Qb5 Qxb5 13. Bxb5 e4 14. Nd2 Re8 15. Bxc6 bxc6 16. Bxf6 gxf6 17. Rc1 Rb8 18. b3 Bd7 19. 0-0 f5 20. h3 Rb6 21. Kh2 Be6 22. Kg3 Rd8 23. Rc2 Kg7 24. Rfc1 h5 25. Kf4 Rb5 26. Nc4 Kf6 27. Rd2 Rg8 28. g3 a5 29. Nd6 Rd5 30. Rxd5 cxd5 31. Rc6 a4 32. Nxf5 axb3 33. axb3 Ra8 34. Nd4 Ra2 35. Rc2 Ra1 36. Rb2 Bxh3 37. b4 Ra8 38. b5 Bg2 39. Rc2 Bh3 40. b6 Rg8 41. Rc6+ Be6 42. f3 Rb8 43. fxe4 dxe4 44. Kxe4 1-0